00604nam a22001937a 450000500170000001000150001702000270003203500140005903700090007308200160008210000270009824500670012525000060019226000350019827000630023330000280029650000530032470000330037720260320144609.0 aENG-148098 a9789395474641c1495.00 aEN-131630 bDBAD a297.409221 aAtanasova, Kameliya N. aSufism and Power in the Ottoman Empire/cKameliya N. Atanasova a1 aNew DelhibSanctum Booksc2025 a68 Medical Association Road, Darya GanjbNew Delhie110002 a182p. c24cm(hb)bIndex aThe Writings of Ismail Hakki Bursevi (1659-1725) aRigopoulos, Antonio eAuthor